| 000 | 02388nam0a2200361 4500 | ||
|---|---|---|---|
| 001 | RU\NLR\BIBL_A\012009862 | ||
| 005 | 20190807114315.0 | ||
| 010 |
_a978-5-9984-0904-2 _950 |
||
| 021 |
_aRU _bКН-П-19-1961 _9КН-П-19-025903 |
||
| 021 |
_aRU _bКН-П-19-3387 _9КН-П-19-025903 |
||
| 035 | _a(NLR Aleph) 012009862 | ||
| 035 | _a(RuMoRGB)009943550 | ||
| 090 |
_a11445526 _c11445526 |
||
| 100 | _a20190514d2018 u y0rusy50 ca | ||
| 101 | 0 |
_arus _aeng |
|
| 102 | _aRU | ||
| 105 | _aa|||j|||000zy | ||
| 200 | 1 |
_aМехатроника и робототехника _dMechatronics and robotics _eучебное пособие по английскому языку _e[для студентов 1-2-го курсов высших учебных заведений очной и заочной форм обучения по направлению подготовки 15.03.06 - Мехатроника и робототехника] _fН.А. Авдеева _gМинистерство науки и высшего образования Российской Федерации, Федеральное государственное бюджетное образовательное учреждение высшего образования "Владимирский государственный университет имени Александра Григорьевича и Николая Григорьевича Столетовых" _zeng |
|
| 210 |
_aВладимир _cИзд-во ВлГУ _d2018 |
||
| 215 |
_a71 с. _cил., табл. _d20 |
||
| 225 | 1 | _aИностранный язык в вузе | |
| 320 | _aБиблиогр.: с. 69-70 | ||
| 510 | 1 |
_6z19790 _aMechatronics and robotics _zeng |
|
| 606 | 1 |
_aАнглийский язык _xУчебные издания для специалистов в области электроники _2nlr_sh2 _3RU\NLR\AUTH\661521006 |
|
| 686 | 1 | _aШ143.21-93рус328.71 | |
| 700 | 1 |
_aАвдеева _bН. А. _cканд. психол. наук, филолог _gНаталья Александровна _3RU\NLR\AUTH\770206665 |
|
| 790 | 1 |
_6z19510 _aAvdeeva _bN. A. _cканд. психол. наук, филолог _gNatal'ja Aleksandrovna _3RU\NLR\AUTH\770206666 |
|
| 942 | _cBOOK | ||
| 980 | _aNBR | ||
| 980 | _aNB | ||